Matemáticas: secuencia y organización de contenidos
-д хадгалсан:
| Үндсэн зохиолчид: | , , , |
|---|---|
| Формат: | Ном |
| Хэл сонгох: | испани |
| Хэвлэсэн: |
Ciudad de México
Secretaría de Educación Pública
1995
|
| Нөхцлүүд: | |
| Шошгууд: |
Шошго нэмэх
Шошго байхгүй, Энэхүү баримтыг шошголох эхний хүн болох!
|
MARC
| LEADER | 00000nam a2200000 a 4500 | ||
|---|---|---|---|
| 001 | UCP2104 | ||
| 003 | CL-VaPUC | ||
| 008 | 990507e19950000MX |||||||||||||||||spa|d | ||
| 082 | 0 | 4 | |a 510.0712 |b ALA |2 21 |
| 100 | 0 | |a Alarcón Bortolussi, Jesús |e author |9 428575 | |
| 700 | 0 | |a Arriaga Coronilla, Alfonso |e author |9 428576 | |
| 700 | 0 | |a Barrón Rodríguez, Higinio |e author |9 428577 | |
| 700 | 0 | |a Rosas Domínguez, Renato |e author |9 428578 | |
| 245 | 1 | 0 | |a Matemáticas: secuencia y organización de contenidos |
| 300 | |a 71 p | ||
| 942 | |c BK | ||
| 945 | |d 19990507 00:00:00 |a rbrito | ||
| 260 | |a Ciudad de México |b Secretaría de Educación Pública |c 1995 | ||
| 500 | |a Texto guía para primero, segundo y tercer año medio | ||
| 650 | 0 | |a Métodos de enseñanza |9 270413 | |
| 650 | 0 | |a Matemáticas |x Enseñanza |9 875527 | |
| 583 | |a last modification |c 19990507 00:00:00 |k Rodrigo Vera | ||
| 999 | |c 280698 |d 280696 | ||
| 952 | |0 0 |1 0 |4 0 |6 510_071200000000000_ALA_1995 |7 0 |8 A |9 321168 |a BIBMAT |b BIBMAT |c E_DIDACT |d 2019-11-20 |i 3499251 |o 510.0712 ALA 1995 |p 3499251 |r 2025-01-07 |w 2019-11-20 |y BK |k MAT | ||